| 000 | 00816nam a22002297a 4500 | ||
|---|---|---|---|
| 005 | 20170823154323.0 | ||
| 008 | 170823b xxu||||| |||| 00| 0 eng d | ||
| 010 | _aENG-120038 | ||
| 020 |
_a9780199470747 _c995.00 |
||
| 020 |
_a19947074x _c995.00 |
||
| 035 | _aEN-103570 | ||
| 037 | _bDBAD/PUB | ||
| 082 | _a331.210820954 | ||
| 245 |
_aMilitary chaplaincy in an era of religious pluralism : _cedited by Trkel Brekke [and] Valdimir Tikhonov _bmilitary-religious nexus in Asia,Europe,and USA / |
||
| 260 |
_aNew Delhi _bOxford University Press _c2017 |
||
| 270 |
_aYMCA Library Building, 1 Jai Singh Road _bNew Delhi _e110001 |
||
| 300 |
_axv,270p. _c23cm (Hb) |
||
| 500 | _aIncludes index | ||
| 700 | _a Brekke,Trkel | ||
| 700 | _aTikhonov,Valdimir | ||
| 942 |
_2ddc _cEN _mMIL _h355.347095 |
||
| 999 |
_c143725 _d143725 |
||